The joy of TEX : a gourmet guide to typesetting with the AMS-TEX macro package
Αποθηκεύτηκε σε:
| Κύριος συγγραφέας: | |
|---|---|
| Μορφή: | Βιβλίο |
| Γλώσσα: | English |
| Δημοσίευση: |
Providence, R.I. :
American Mathematical Society,
c1990
|
| Έκδοση: | 2nd ed. |
| Θέματα: | |
| Ετικέτες: |
Προσθήκη ετικέτας
Δεν υπάρχουν, Καταχωρήστε ετικέτα πρώτοι!
|
MARC
| LEADER | 00000nam a2200000 i 4500 | ||
|---|---|---|---|
| 001 | 1/91704 | ||
| 008 | 991102s eng d | ||
| 020 | |a 0-8218-2997-1 | ||
| 035 | |l 10053722 | ||
| 040 | |a GR-MY-UA |b gre |e aacr | ||
| 041 | 0 | |a eng | |
| 082 | 0 | |a 686.225445369 | |
| 100 | 1 | |a Spivak, Michael. | |
| 245 | 1 | 4 | |a The joy of TEX : |b a gourmet guide to typesetting with the AMS-TEX macro package / |c M.D. Spivak ; illustrations by Duane Bibby |
| 250 | |a 2nd ed. | ||
| 260 | |a Providence, R.I. : |b American Mathematical Society, |c c1990 | ||
| 300 | |a xxii, 309 p.; |b ill.; |c 23 cm. | ||
| 500 | |a Includes index | ||
| 630 | 0 | 0 | |a TeX (Computer file) |
| 650 | 0 | 0 | |a Computerized typesetting. |
| 852 | |a INST |b SAMOS |e 19991102 |h 686.225445369 SPI |p 005300012504 |q 005300012504 |t BK |y 0 | ||
| 901 | |a BIBL3-1999-3 | ||
| 909 | |a Σ |b 063249 | ||
| 922 | |a 3ΕΛΗ |b 199907 |c ΕΠΕΑΕΚ/ΜΑΘ |d ΠΑΠΑΣΩΤΗΡΙΟΥ | ||
| 970 | |a ΠΟΥΡΝΑΡΑΣ |b ΔΗΜΗΤΡΗΣ |z 1999/11/02 | ||